Travis Scott MetLife Stadium Setlist - Statistics

General Stats
  • This quiz has been taken 83 times
  • The average score is 26 of 37
Answer Stats
Hint Answer % Correct
25. FE!N
98%
26. FE!N
98%
27. FE!N
98%
28 FE!N
98%
29 FE!N
98%
35 FE!N
98%
36 FE!N
98%
31 SICKO MODE
96%
1. HYAENA
84%
15. MY EYES
82%
2. THANK GOD
80%
3. MODERN JAM
78%
33 Goosebumps
75%
4. Aye
73%
20. I KNOW ?
73%
37 TELEKINESIS
73%
30 Type Shit
73%
32 Antidote
71%
22. MELTDOWN
71%
16. BUTTERFLY EFFECT
67%
9. Nightcrawler
67%
34 Apple Pie
65%
13. Praise God
65%
21. 90210
61%
14. GOD'S COUNTRY
61%
23. TOPIA TWINS
59%
19. CIRCUS MAXIMUS
57%
10. SIRENS
57%
17. HIGHEST IN THE ROOM
55%
5. sdp interlude
53%
18. Mamacita
49%
11. Upper Echelon
49%
12. Upper Echelon
49%
24. NO BYSTANDERS
47%
8. Mo Bamba
43%
6. Mo City Flexologist
37%
7. BACKR00MS
33%
No matching quizzes found
Score Distribution
Percent of People with Each Score
Percentile by Number Answered
Your Score History
You have not taken this quiz